| 000 | 00864nam a22002177a 4500 | ||
|---|---|---|---|
| 005 | 20240530110530.0 | ||
| 008 | 160316s2013 ua g 000 0 ara d | ||
| 017 |
_a2012/21740 _bمصر . دار الكتب المصرية |
||
| 020 | _a9789776223585 | ||
| 040 | _aEG-CaGPL | ||
| 082 | 0 | 4 |
_221 _a341.488\ _bإ أ |
| 100 | 0 | _aايناس محمد البهجى . | |
| 245 | 1 | 2 |
_aالاسس الدولية لحق اللجوء السياسى و الانسانى بين الدول / _cايناس محمد البهجى . |
| 250 | _aط1. | ||
| 260 |
_aالقاهرة : _bالمركز القومى لاصدارات القانونية ، _c2013 . |
||
| 300 |
_a331 ص ؛ _c24 سم . |
||
| 650 | 0 | 4 |
_aاللاجئون _xقوانين و تشريعات . |
| 650 | 0 | 4 | _aالجرائم السياسية . |
| 942 |
_2ddc _cBK |
||
| 999 |
_c62078 _d62078 |
||